000 00464nam a2200181Ia 4500
001 25198
005 20260414151134.0
008 260414t2019||||xx |||||||||||||| ||spa||
041 _aESP
082 _a346.4
_bV917 T. 3
100 _aVarsi Rospigliosi, Enrique
_eAUT
245 0 _aTratado de derechos reales :
_bderechos reales de goce
260 _c2019
300 _a217 páginas :
_c24 cm.
650 _aDER
654 _aCDE
942 _cLIB
_dJUS
_fJUS
_2ddc
_n
999 _c25198
_d25198